स्वातंत्र्य दीप अथवा जगांतील असहकारिता (Record no. 1408111)

MARC details
000 -LEADER
fixed length control field 00674nam a22001697a 4500
003 - CONTROL NUMBER IDENTIFIER
control field OSt
005 - DATE AND TIME OF LATEST TRANSACTION
control field 20180224142058.0
008 - FIXED-LENGTH DATA ELEMENTS--GENERAL INFORMATION
fixed length control field 161224b xxu||||| |||| 00| 0 eng d
040 ## - CATALOGING SOURCE
Transcribing agency मराठी
082 ## - DEWEY DECIMAL CLASSIFICATION NUMBER
Item number 803
100 ## - MAIN ENTRY--PERSONAL NAME
Personal name भिडे, रामकृष्ण गोपाळ
245 ## - TITLE STATEMENT
Title स्वातंत्र्य दीप अथवा जगांतील असहकारिता
260 ## - PUBLICATION, DISTRIBUTION, ETC. (IMPRINT)
Place of publication, distribution, etc पुणे
Name of publisher, distributor, etc अनंत सखाराम गोखले
Date of publication, distribution, etc 1924
300 ## - PHYSICAL DESCRIPTION
Extent १५९ पृष्ठे
856 ## - ELECTRONIC LOCATION AND ACCESS
Uniform Resource Identifier <a href="http://dspace.vpmthane.org:8080/jspui/bitstream/123456789/6352/1/803Jagaantiil-Asahakaaritaa.pdf">http://dspace.vpmthane.org:8080/jspui/bitstream/123456789/6352/1/803Jagaantiil-Asahakaaritaa.pdf</a>
942 ## - ADDED ENTRY ELEMENTS (KOHA)
Source of classification or shelving scheme Dewey Decimal Classification
Koha item type E-Book Marathi
Holdings
Withdrawn status Lost status Source of classification or shelving scheme Damaged status Not for loan Home library Current library Date acquired Total Checkouts Full call number Barcode Date last seen Uniform Resource Identifier Price effective from Koha item type
    Dewey Decimal Classification     VPM Digital Repository VPM Digital Repository 12/24/2016   803 VPMDIGI-803 12/24/2016 http://dspace.vpmthane.org:8080/jspui/bitstream/123456789/6352/1/803Jagaantiil-Asahakaaritaa.pdf 12/24/2016 E-Book Marathi